Anfibios y reptiles del llano (Registro nro. 3094)

Detalles MARC
000 -CABECERA
Campo de control 01149nam a2200325 a 4500
005 - FECHA Y HORA DE LA ULTIMA TRANSACCION
Campo de control 20191224041658.0
008 - ELEMENTOS DE LONGITUD FIJA—INFORMACION GENERAL
Campo de control 130724b1994 ck ||||| |||| 00| 0 spa d
020 ## - ISBN
ISBN 9589543928
040 ## - FUENTE DE CATALOGACIÓN
Agencia catalogadora original CO-BoIAVH
Agencia transcriptora CO-BoIAVH
041 ## - IDIOMA
Código de idioma para texto/pista de sonido o título separado Español
044 ## - PAÍS DE PUBLICACIÓN
País de publicación Colombia
082 ## - NUMERO DE CLASIFICACION DECIMAL DEWEY
Número de clasificación 597.908619
Número del ítem U76a
100 1# - ASIENTO PRINCIPAL--NOMBRE PERSONAL
Nombre personal Uribe-Hurtado, Cristina
9 (RLIN) 847
245 10 - MENCION DE TITULO
Título Anfibios y reptiles del llano
260 ## - PUBLICACION, DISTRIBUCION, ETC. (PIE DE IMPRENTA)
Lugar de publicación, distribución, etc. Bogotá:
Nombre del editor, distribuidor, etc. Cristina Uribe Editores,
Fecha de publicación, distribución, etc. 1994.
300 ## - DESCRIPCION FISICA
Extensión 92 páginas.
Otros detalles físicos ilustraciones a color
Dimensiones 17 cm.
650 14 - ASIENTO SECUNDARIO DE MATERIA - TERMINO TEMATICO
Término temático o nombre geográfico como elemento de entrada Fauna
9 (RLIN) 44692
650 14 - ASIENTO SECUNDARIO DE MATERIA - TERMINO TEMATICO
Término temático o nombre geográfico como elemento de entrada Anfibios
Subdivisión geográfica Llanos Orientales (Colombia)
9 (RLIN) 44693
650 14 - ASIENTO SECUNDARIO DE MATERIA - TERMINO TEMATICO
Término temático o nombre geográfico como elemento de entrada Reptiles
Subdivisión geográfica Llanos Orientales (Colombia)
9 (RLIN) 44694
650 14 - ASIENTO SECUNDARIO DE MATERIA - TERMINO TEMATICO
Término temático o nombre geográfico como elemento de entrada Tortugas
Subdivisión geográfica Llanos Orientales (Colombia)
9 (RLIN) 44695
650 14 - ASIENTO SECUNDARIO DE MATERIA - TERMINO TEMATICO
Término temático o nombre geográfico como elemento de entrada Lagartos
Subdivisión geográfica Llanos Orientales (Colombia)
9 (RLIN) 44696
650 14 - ASIENTO SECUNDARIO DE MATERIA - TERMINO TEMATICO
Término temático o nombre geográfico como elemento de entrada Serpientes
Subdivisión geográfica Llanos Orientales (Colombia)
9 (RLIN) 44697
650 14 - ASIENTO SECUNDARIO DE MATERIA - TERMINO TEMATICO
Término temático o nombre geográfico como elemento de entrada Ranas
Subdivisión geográfica Llanos Orientales (Colombia)
9 (RLIN) 44698
650 14 - ASIENTO SECUNDARIO DE MATERIA - TERMINO TEMATICO
Término temático o nombre geográfico como elemento de entrada Sapos
Subdivisión geográfica Llanos Orientales (Colombia)
9 (RLIN) 44699
650 14 - ASIENTO SECUNDARIO DE MATERIA - TERMINO TEMATICO
Término temático o nombre geográfico como elemento de entrada Cecilias
Subdivisión geográfica Llanos Orientales (Colombia)
9 (RLIN) 44700
662 ## - ASIENTO SECUNDARIO DE MATERIA - JERARQUIA DEL NOMBRE DE LUGAR(
País o entidad mayor Colombia
Jurisdicción política intermedia Orinoquia
662 ## - ASIENTO SECUNDARIO DE MATERIA - JERARQUIA DEL NOMBRE DE LUGAR(
País o entidad mayor Venezuela
Jurisdicción política intermedia Orinoquia
700 1# - ASIENTO SECUNDARIO - NOMBRE PERSONAL
Nombre personal Castro Herrera, Fernando
9 (RLIN) 856
942 ## - ELEMENTOS ADICIONALES (KOHA)
Tipo de ítem Libro
Sistema de clasificación Dewey Decimal Classification
Existencias
Withdrawn status Lost status Sistema de Clasificación Damaged status No para préstamo Colección Inventariado Ubicación Permanente Ubicación actual Fecha de adquisición Fuente de Valor Valor Total Checkouts Número topográfico Inventario / Código de Barras Date last seen Ejemplar Price effective from Forma de adquisición Tipo de material
    Dewey Decimal Classification     General Inventariado 2017 Bogotá Bogotá 05/03/2003 Instituto 39000.00   LB-597.908619 U76a 005121 02/08/2013 Ej. 1 04/12/2012 Compra Libro